Estatísticas para Os 15 principais países afetados pela Covid-19 - 1º de setembro 2022

Clique aqui para jogar o quiz

Estatísticas Gerais

  • Esse quiz foi jogado 40 vezes
    (30 desde o último reset)
  • A pontuação média é 14 de 28

Estatísticas das Respostas

país% Correto
Brasil
100%
Estados Unidos
100%
Argentina
88%
Itália
88%
Reino Unido
88%
Alemanha
85%
Espanha
85%
França
81%
Japão
77%
Rússia
77%
Índia
73%
Austrália
69%
Portugal
62%
Coreia do Sul
54%
Suíça
46%
Países Baixos
38%
Áustria
35%
Turquia
35%
Grécia
31%
Dinamarca
23%
Eslovénia
19%
Vietname
19%
Israel
15%
Letónia
8%
Lituânia
8%
Estônia
4%
Geórgia
4%
Chipre
0%

Distribuição das Pontuações

Percentil de Números Respondidos

Porcentagem de Pessoas com Cada Pontuação

Sua Pontuação Histórica

Você não jogou esse quiz desde o último reset